Development of the Blue Streak satellite launcher ; proceedings of the second Space Engineering Symposium held at Hatfield College of Technology, Hertfordshire, February, 22, 1963 /

Bibliographic Details
Corporate Authors: Space Engineering Symposium Hatfield College of Technology, De Havilland Aircraft Company, ltd, Hatfield College of Technology. Department of Mechanical and Aeronautical Engineering
Other Authors: Samson, D. R.
Format: Conference Proceeding Book
Language:English
Published: N. Y. : Macmillan, 1963.
Series:International series on aeronautical sciences and space flight. Symposia ; v. 16.
Subjects:

MARC

Tag First Indicator Second Indicator Subfields
LEADER 00000cam a2200000 4500
001 in00000096383
005 20150925090156.0
008 750707s1963 eng u
010 |a  63019811  
035 |a (OCoLC)01430969 
035 |9 AAL2352AM 
040 |c ORL  |d TXA  |d UtOrBLW 
049 |a TXAM  |c [456593] 
090 |a TL781.5.B55  |b S65 1963 
111 2 |a Space Engineering Symposium  |n (2d :  |d 1963 :  |c Hatfield College of Technology) 
245 1 0 |a Development of the Blue Streak satellite launcher ;  |b proceedings of the second Space Engineering Symposium held at Hatfield College of Technology, Hertfordshire, February, 22, 1963 /  |c Ed. by D. R. Samson. 
264 1 |a N. Y. :  |b Macmillan,  |c 1963. 
300 |a 128 pages :  |b illustrations 
336 |a text  |b txt  |2 rdacontent 
337 |a unmediated  |b n  |2 rdamedia 
338 |a volume  |b nc  |2 rdacarrier 
490 1 |a International series of monographs in aeronautics and astronautics ;  |v Division 9: Symposia, v. 16 
650 0 |a Blue Streak rocket. 
700 1 |a Samson, D. R. 
710 2 |a De Havilland Aircraft Company, ltd. 
710 1 |a Hatfield College of Technology.  |b Department of Mechanical and Aeronautical Engineering. 
830 0 |a International series on aeronautical sciences and space flight.  |n Division IX,  |p Symposia ;  |v v. 16. 
999 |a MARS 
999 f f |s c49cd085-3539-3c47-8d58-3298331e4c28  |i e2ab752e-2fc1-3815-8705-c463e950fb64  |t 0 
952 f f |p ric  |a Texas A&M University  |b Rellis Campus  |c Joint Library Facility  |d Remote Storage  |t 0  |e TL781.5.B55 S65 1963  |h Library of Congress classification  |i unmediated -- volume  |m A14805553500 
998 f f |a TL781.5.B55 S65 1963  |t 0  |l Remote Storage